| 000 | 00464pab a2200145 454500 | ||
|---|---|---|---|
| 008 | 180718b xxu||||| |||| 00| 0 eng d | ||
| 100 | _aAdhikary Prakash Chandra | ||
| 245 | _aAn overview of the economy of Maldives and her trade with India | ||
| 362 | _a17(9), Dec 1994, p.1147-162 | ||
| 650 | _a South Asian Association For Regional Cooperation | ||
| 650 | _a S.A.A.R.C. | ||
| 650 | _aInternational Trade -- India | ||
| 773 | _aStrategic Analysis | ||
| 909 | _a27897 | ||
| 999 |
_c27897 _d27897 |
||